Statistics for Random Facts About Ukraine

Click here to take the quiz!

General Stats

  • This quiz has been taken 27 times
  • The average score is 4 of 10

Answer Stats

HintAnswer% Correct
Where was the worst nuclear disaster located?Chernobyl
85%
What is the second largest city in Ukraine?Kharkiv
80%
Ukraine is the largest producer in ____ seeds.Sunflower
70%
The ___ lamp was invented in Ukraine.Gas
35%
What is the national costume of Ukraine?Vyshyvanka
35%
The worlds first ___ was written in Ukraine.Constitution
30%
What popular Easter tradition began in Ukraine?Easter eggs
25%
What famous tunnel is located in Ukraine?Tunnel of Love
20%
Who is the president of Ukraine?Volodymyr Zelenskyy
20%
What is the tallest mountain in the Ukraine?Mount Hoverla
5%

Score Distribution

Percentile by Number Answered

Percent of People with Each Score

Your Score History

You have not taken this quiz